|
|
|
|
| LEADER |
00000nam2a2200000 4500 |
| 001 |
169245 |
| 005 |
20231101222819.0 |
| 010 |
|
|
|a 9785988460282
|
| 035 |
|
|
|a (RuTPU)RU\TPU\book\183584
|
| 090 |
|
|
|a 169245
|
| 100 |
|
|
|a 20091109d2008 km y0rusy50 ca
|
| 101 |
0 |
|
|a rus
|
| 102 |
|
|
|a RU
|
| 105 |
|
|
|a a z 001zy
|
| 200 |
0 |
|
|a Ч. 2
|
| 210 |
|
|
|d 2008
|
| 215 |
|
|
|a 648 с.
|c ил.
|
| 320 |
|
|
|a Список иллюстраций: с. 585-586.
|
| 320 |
|
|
|a Указатель имен: с. 587-619.
|
| 320 |
|
|
|a Библиография трудов М. Ф. Мурьянова: с. 620-646.
|
| 320 |
|
|
|a Новейшие труды по славянской гимнографии: с. 630-646.
|
| 330 |
|
|
|a Вторая часть настоящего издания включает работы М. Ф. Мурьянова, посвященные славянскому гимнографическому наследию, все еще слабо изученному разделу мирового литературного творчества. Труды Мурьянова помогают понять и уяснить современному читателю не только специфику данного литературного жанра, но и его роль в развитии мировой литературы, осознать небывалый интерес к древнейшей славянской гимнографии в последние полтора десятилетия (конец XX — начало XXI в.).Книгу открывает статья Р. Н. Кривко, подчеркивающая вклад М. Ф. Мурьянова в изучение славянской гимнографии и очерчивающая ее дальнейший путь.Специальный раздел второй части объединяет цикл нередицких статей. В конкретных сюжетах раскрываются страницы зодчества древнего Киева и Великого Новгорода. В публикациях отражены вопросы, не перестававшие волновать ученого до конца его дней — эдиционные принципы воспроизведения древних текстов. На материале творчества писателей X — начала XX вв. — от константинопольского патриция Феодора Дафнопата до Чехова и Блока, в свете непрерывной христианской традиции происходит раскрытие символов русской культуры. Информационным дополнением к издаваемым текстам является раздел «Из архива исследователя», а также именной указатель, охватывающий более 3000 имен. Завершает том список публикаций автора и новейшая библиография по славянской гимнографии.
|
| 461 |
|
1 |
|0 (RuTPU)RU\TPU\book\198539
|y 978-5-98846-030-5
|t История книжной культуры России
|o очерки: в 2 ч.
|f М. Ф. Мурьянов
|g Российская государственная библиотека (РГБ)
|v Ч. 2
|d 2007
|s История книжной культуры России
|
| 606 |
1 |
|
|a Книга
|x История в России
|2 stltpush
|3 (RuTPU)RU\TPU\subj\14566
|9 40938
|
| 610 |
1 |
|
|a книжная культура
|
| 610 |
1 |
|
|a история
|
| 610 |
1 |
|
|a славяне
|
| 610 |
1 |
|
|a славянская культура
|
| 610 |
1 |
|
|a гимнография
|
| 610 |
1 |
|
|a иконография
|
| 610 |
1 |
|
|a архитектура
|
| 610 |
1 |
|
|a средние века
|
| 610 |
1 |
|
|a Новое время
|
| 610 |
1 |
|
|a русская культура
|
| 610 |
1 |
|
|a 19 век
|
| 610 |
1 |
|
|a 20 век
|
| 686 |
|
|
|a Ч611.63(2)
|v LBC/SL-A
|2 rubbk
|
| 801 |
|
1 |
|a RU
|b 63413507
|c 20091109
|
| 801 |
|
2 |
|a RU
|b 63413507
|c 20100930
|g RCR
|
| 942 |
|
|
|c BK
|
| 959 |
|
|
|a 113/20091103
|d 1
|e 0
|f РФ:1
|